00873cam a22002777a 450000100090000000300040000900500170001300800410003001000170007102000180008802000150010603500240012104000280014504200140017305000210018710000170020824500850022526000470031030000330035744000630039050400510045363000200050465000230052465000280054770000200057515668853OSt20240416135344.0090321s2008 enka b 001 0 eng d a 2009417241 a9780850927085 a0850927080 a(OCoLC)ocn221244994 aKMUcKMUdKMUbengeRDA alccopycat00aSB119b.U68 20081 aUpton, David10aPlanting and Establishment of Tropical Trees /cDavid Upton with Peter de Groot. aLondon :bCommonwealth Secretariat,c2008. avi, 142 p. :bill. ;c30 cm. 0aTropical trees : propagation and planting manuals ;vvol 5 aIncludes bibliographical references and index.00aTropical trees. 0aPlant propagation. 0aTree plantingzTropics.1 aDe Groot, Peter